LEADER 01275nam2 2200265 i 450 001 SUN0069891 005 20140625101258.250 100 $a20090505d1970 |0itac50 ba 101 $aita 102 $aIT 105 $a|||| ||||| 200 1 $aˆ<<‰Discorsi parlamentari>> 2$fdi Giacomo Matteotti 210 $aRoma$cStabilimenti tipografici Carlo Colombo$d1970 215 $aXII, P. 426-940$d27 cm. 461 1$1001SUN0069889$12001 $aDiscorsi parlamentari$epubblicati per deliberazione della Camera dei Deputati$fdi Giacomo Matteotti$v2$1210 $aRoma$cStabilimenti tipografici Carlo Colombo$d1970$1215 $a3 volumi$d27 cm. 606 $aDiritto pubblico e costituzionale italiano e comparato$2SG$3SUNC029468 620 $dRoma$3SUNL000360 700 1$aMatteotti$b, Giacomo$3SUNV055060$0225527 712 $aColombo, Carlo$3SUNV001088$4650 801 $aIT$bSOL$c20181109$gRICA 912 $aSUN0069891 950 $aUFFICIO DI BIBLIOTECA DEL DIPARTIMENTO DI SCIENZE POLITICHE JEAN MONNET$d04 CONS 6D.1.15 $e04 OM 873 995 $aUFFICIO DI BIBLIOTECA DEL DIPARTIMENTO DI SCIENZE POLITICHE JEAN MONNET$gOM$h873$kCONS 6D.1.15$oc$qa 996 $aDiscorsi parlamentari 2$91436185 997 $aUNICAMPANIA LEADER 01524nam--2200433---450- 001 990002818300203316 005 20081218150404.0 010 $a91-85086-97-5 035 $a000281830 035 $aUSA01000281830 035 $a(ALEPH)000281830USA01 035 $a000281830 100 $a20060925d1988----km-y0itay50------ba 101 $aeng 102 $aSE 105 $aa---||||001yy 200 1 $aEarly Greek cult practice$eproceedings of the Fifth international symposium at the Swedish institute at Athens, 26-29 June, 1986$fedited by Robin Hagg, Nanno Marinatos and Gullog C. Nordquist 210 $aStockholm$cPaul Astroms$d1988 215 $a303 p.$cill.$d31 cm 225 2 $aSkrifter utgivna av Svenska institutet i Athen$dActa Instituti atheniensis regni Sueciae$i4.$v38 410 0$12001$aSkrifter utgivna av Svenska institutet i Athen$dActa Instituti atheniensis regni Sueciae$i4.$v38 454 1$12001 461 1$1001-------$12001 606 0 $aCulti$yGrecia antica$xCongressi$z1986 676 $a938 702 1$aHAGG,$bRobin 702 1$aMARINATOS,$bNanno 702 1$aNORDQUIST,$bGullog C. 710 01$aSvenska institutet $0566237 801 0$aIT$bsalbc$gISBD 912 $a990002818300203316 951 $aI AP ISSIA 5$b6497 DBC$cI AP 951 $aI AP ISSIA 5a$b1802 DBC$cI AP 959 $aBK 969 $aDBC 979 $aDBC$b90$c20060925$lUSA01$h1440 979 $aDBC$b90$c20081218$lUSA01$h1504 996 $aEarly Greek cult practice$9994685 997 $aUNISA